Statistiques concernant Villes les plus peuplées d'Espagne

Cliquez ici pour prendre le quiz!

Statistiques générales

  • Ce quiz a été pris 401 fois
  • Le résultat moyen est 10 sur 20

Statistiques - réponses

PopulationVille% Correct
1 620 343Barcelone
100%
3 223 334Madrid
100%
688 711Séville
95%
791 413Valence
93%
345 821Bilbao
86%
571 026Malaga
74%
232 208Grenade
57%
666 880Saragosse
55%
331 577Alicante
44%
409 661Palma de Majorque
40%
298 866Valladolid
40%
325 708Cordoue
38%
244 850La Corogne
38%
447 182Murcie
37%
293 642Vigo
37%
298 450Gijón
27%
230 625Elche
16%
378 517Las Palmas de Gran Canaria
8%
261 068L'Hospitalet de Llobregat
7%
249 176Vitoria-Gasteiz
7%

Distribution des résultats

Percentile par nombre de réponses

% des personnes avec chaque résultat

Votre développement - résultats

Vous n’avez pas pris ce quiz